000 00562nam a2200205Ia 4500
005 20250923145824.0
008 008 250917s9999 xx 000 0 eng d
037 _aTextual
040 _aDSWL
_beng
_cDSWL
041 _aeng
_2eng
084 _aX:75.213, N88
_qDSWL
100 _aBhat, L.S.
_9839292
245 0 _aStrategy for integrated area development
_cby L.S. Bhat
260 _aNew Delhi
_bConcept
_c1988
300 _a104p.
365 _aINR
_b90.00
925 _g90.00
942 _cTEXL
_hX:75.213, N88
999 _c1456116
_d1456116